000 00265nam a22001097a 4500
082 _a923.195491 MUH'Z
100 _aZAIDI, Z. H
_97872
245 _aM. A. JINNAH ISPAHANI CORRSPONDENCE 1936-1948
260 _aKARACHI
_bFORWARD
_c1976
300 _a718P
942 _cBK
999 _c581733
_d581733